000 01039nas a2200313 4500
001 BR2019000274
003 BR-BrBNA
005 20231205131551.0
007 ta
008 230509b bl.|||p| |||| 00| 00por d
040 _aBR-BrBNA
_bpor
_cBiblioteca Nacional de Agricultura
041 _a(Pt)
072 _aF61
100 1 _aSchwerz, F.
100 1 _aCaron, B.O.
100 1 _aElli, E.F.
100 1 _aOliveira, D.M. de
100 1 _aMonteiro, G.C.
100 1 _aSouza, V.Q. de
245 1 _aAvaliação do efeito de doses e fontes de nitrogênio sobre variáveis morfológicas, interceptação de radiação e produtividade do girassol
650 _aGIRASSOL
650 _aFERTILIZANTE NITROGENADO
650 _aÁREA FOLIAR
650 _aPRODUTIVIDADE
773 0 _tRevista Ceres (Brazil)
_xISSN 2177-3491
_g(May-Jun 2016), v. 63(3) p. 380-386
_wBR2019000274
856 4 0 _uhttp://www.scielo.br/pdf/rceres/v63n3/2177-3491-rceres-63-03-00380.pdf
909 _a202311
_bLúcia
_c55
_dLúcia Elande
942 _2AGRIS
_n0
_cANA
999 _c255493
_d255493